La cólera de Aquiles / (Record no. 96387)

MARC details
000 -CABECERA
campo de control de longitud fija 00745nam a2200229 a 4500
005 - FECHA Y HORA DE LA ÚLTIMA TRANSACCIÓN
campo de control 20230318063605.0
008 - ELEMENTOS DE LONGITUD FIJA--INFORMACIÓN GENERAL
campo de control de longitud fija 030514s2006 mx r 000 0 spa d
020 ## - NÚMERO INTERNACIONAL NORMALIZADO PARA LIBROS
Número Internacional Estándar del Libro 8430760342
035 ## - NÚMERO DE CONTROL DEL SISTEMA
Número de control de sistema UPN01000124208
049 ## - COLECCIÓN
Colección CG
050 #4 - SIGNATURA TOPOGRÁFICA DE LA BIBLIOTECA DEL CONGRESO
Número de clasificación PA4018 A3.5
Número de documento/Ítem J6.2
100 1# - ASIENTO PRINCIPAL--NOMBRE PERSONAL
Nombre de persona Jofresa, S.
245 13 - MENCIÓN DE TÍTULO
Título La cólera de Aquiles /
Mención de responsabilidad, etc. introd. y guía de lectura M. Capellá ; adaptadora S. Jofresa ; il. J. Ma. Casanovas.
260 ## - PUBLICACIÓN, DISTRIBUCIÓN, ETC.
Lugar de publicación, distribución, etc. Barcelona, Esp. :
Nombre del editor, distribuidor, etc. Teide,
Fecha de publicación, distribución, etc. 2006.
300 ## - DESCRIPCIÓN FÍSICA
Extensión 175 p. :
Otras características físicas il. col.
440 #0 - MENCIÓN DE SERIE/ASIENTO SECUNDARIO--TÍTULO
Título Biblioteca Teide ;
Designación de volumen o secuencia 12
500 ## - NOTA GENERAL
Nota general "Adaptación de la Ilíada" de Homero
650 #4 - ASIENTO SECUNDARIO DE MATERIA - TERMINO TEMATICO
Término de materia o nombre geográfico como elemento de entrada MITOLOGIA GRIEGA -
Subdivisión de forma LITERATURA JUVENIL
9 (RLIN) 11917
650 #0 - ASIENTO SECUNDARIO DE MATERIA - TERMINO TEMATICO
Término de materia o nombre geográfico como elemento de entrada Literatura griega
9 (RLIN) 8400
700 0# - ASIENTO SECUNDARIO--NOMBRE DE PERSONAL
Nombre de persona Homero.
Título de la obra Ilíada
9 (RLIN) 20902
905 ## - TIPO DE MATERIAL
Tipo de material Libro
Holdings
Estado de retiro Estado de pérdida Fuente del sistema de clasificación o colocación Estado dañado No para préstamo Código de colección Localización permanente Ubicación/localización actual Ubicación en estantería Fecha de adquisición Total de préstamos Clasificación Código de barras Fecha visto por última vez Fecha del último préstamo Tipo de ítem Koha Número de copia Precio válido a partir de
    Library of Congress Classification     Colección General Bib. Gregorio Torres Quintero Bib. Gregorio Torres Quintero Planta baja 23/08/2022 1 PA4018 A3.5 J6.2 256585 23/08/2022 12/03/2021 Libro    
    Library of Congress Classification     Colección General Bib. Gregorio Torres Quintero Bib. Gregorio Torres Quintero Planta baja 23/08/2022 2 PA4018 A3.5 J6.2 280783 31/12/2020   Libro    
    Library of Congress Classification     Colección General Bib. Gregorio Torres Quintero Bib. Gregorio Torres Quintero Planta baja 23/08/2022   PA4018 A3.5 J6.2 AP675 23/08/2022   Libro Ej.3 23/08/2022